| 000 | nam a22 7a 4500 | ||
|---|---|---|---|
| 999 |
_c9391 _d9391 |
||
| 008 | 180516b ||||| |||| 00| 0 eng d | ||
| 082 |
_22003 _aDFil 899.2103 _bJ57t |
||
| 100 |
_927904 _aJoaquin, Nick |
||
| 245 |
_aThe Mass of St. Sylvestre/ _cNick Joaquin |
||
| 300 |
_apages 175-182; _b14 cm |
||
| 500 | _aTropical Gothic | ||
| 650 | 0 |
_927905 _aShort Stories, Philippine (English). |
|
| 942 |
_2ddc _cDFIL |
||